Capitales contenant la lettre B - Statistiques

Statistiques générales
  • Ce quiz a été pris 1 414 fois
  • Le résultat moyen est 32 sur 49
Statistiques - réponses
Afrique % Correct
Berlin
90%
Brasilia
89%
Budapest
88%
Bruxelles
87%
Buenos Aires
87%
Bucarest
86%
Bratislava
83%
Berne
82%
Bogota
82%
Lisbonne
80%
Belgrade
79%
Bamako
78%
Bangkok
76%
Canberra
76%
Dublin
73%
Bagdad
71%
Brazzaville
71%
Beyrouth
70%
Addis-Abeba
68%
Bakou
68%
Belmopan
67%
Rabat
67%
Abou Dabi
64%
Luxembourg
64%
Abuja
63%
Bichkek
63%
Bangui
62%
Ljubljana
62%
Paramaribo
62%
Oulan-Bator
61%
Kaboul
60%
Zagreb
58%
Bissau
57%
Libreville
57%
Banjul
56%
Bridgetown
56%
Bandar Seri Begawan
55%
Islamabad
55%
Port Moresby
53%
Djibouti
52%
Gaborone
52%
Douchanbé
51%
Nairobi
51%
Achgabat
50%
Basseterre
50%
Djouba
50%
Malabo
50%
Tbilissi
50%
Mbabane
48%
Aucun quiz correspondant
Distribution des résultats
% des personnes avec chaque résultat
Percentile par nombre de réponses
Votre historique - résultats
Vous n’avez pas pris ce quiz